[Event "Schachfestival Senioren"]
[Site "Bad Woerishofen"]
[Date "2023.03.07"]
[Round "5.55"]
[White "Huhn, Ulrich"]
[Black "Grandl, Klaus"]
[Result "1-0"]
[WhiteElo "1803"]
[BlackElo "1546"]
[PlyCount "93"]
[EventDate "2023.??.??"]
[WhiteTeam "SF Siemensstadt"]

1. d4 d5 2. Nc3 e6 3. Nf3 Be7 4. e4 dxe4 5. Nxe4 h6 6. Bd3 Nf6 7. Ne5 Nbd7 8. O-O Nxe4 9. Bxe4 Nf6 10. Bf3 c6 11. Re1 O-O 12. a4 Bd7 13. c3 Be8 14. b4 Nh7 15. Be3 Bg5 16. Qd2 Bxe3 17. Qxe3 Qg5 18. Be4 Qxe3 19. Bxh7+ Kxh7 20. Rxe3 Rd8 21. f4 f6 22. Nd3 Bf7 23. Nc5 b6 24. Nxe6 Bxe6 25. Rxe6 Rc8 26. Re7 Ra8 27. Rae1 a5 28. bxa5 Rxa5 29. Rb7 Rxa4 30. Rxb6 Rc4 31. Rb3 Kg6 32. Kf2 Ra8 33. Re2 Ra1 34. Kf3 Ra8 35. Re7 f5 36. Re2 Kf6 37. Ke3 Re8+ 38. Kd3 Rxe2 39. Kxe2 Ke6 40. Kd3 Kd5 41. Ra3 c5 42. Ra7 cxd4 43. Rd7+ Ke6 44. Kxc4 Kxd7 45. Kxd4 Kd6 46. g3 g5 47. c4 1-0

[Event "Schachfestival Senioren"]
[Site "Bad Woerishofen"]
[Date "2023.03.07"]
[Round "5.56"]
[White "Fuchs, Joachim"]
[Black "Jovi, Klaus"]
[Result "1-0"]
[WhiteElo "1728"]
[BlackElo "1510"]
[PlyCount "89"]
[EventDate "2023.??.??"]
[WhiteTeam "SC Starnberg"]
[BlackTeam "Ohne Verein"]

1. e4 c5 2. Nf3 Nc6 3. c3 a6 4. d4 cxd4 5. cxd4 e6 6. Be2 Be7 7. O-O Nf6 8. Nc3 O-O 9. a4 b6 10. e5 Ne8 11. d5 exd5 12. Nxd5 Bb7 13. Nxe7+ Qxe7 14. Bg5 Qe6 15. Bf4 h6 16. Rc1 Qa2 17. Bc4 Qxb2 18. Qxd7 Rb8 19. e6 Nf6 20. exf7+ Kh8 21. Qf5 Nd4 22. Nxd4 Qxd4 23. Bxb8 Rxb8 24. Rfd1 Qb2 25. Qf4 Rf8 26. Qd6 Nh7 27. Qe7 Bc6 28. Re1 Bxa4 29. Bxa6 Qd2 30. Bc4 Qf4 31. Qe3 Qb8 32. f3 Ng5 33. Qe7 Nh7 34. Bd5 g6 35. Qe5+ Qxe5 36. Rxe5 Kg7 37. f4 Kf6 38. Re6+ Kxf7 39. Re4+ Kg7 40. Rxa4 Nf6 41. Rc7+ Kh8 42. Bb3 Ng4 43. h3 Ne3 44. Raa7 Nf5 45. Rh7# 1-0

[Event "Schachfestival Senioren"]
[Site "Bad Woerishofen"]
[Date "2023.03.07"]
[Round "5.57"]
[White "Mitterholzer, Helmuth"]
[Black "Schlemminger, Degenhard"]
[Result "1/2-1/2"]
[WhiteElo "1445"]
[BlackElo "1548"]
[PlyCount "126"]
[EventDate "2023.??.??"]
[WhiteTeam "Verbund"]
[BlackTeam "SV Reutlingen"]

1. e4 e5 2. Nf3 Nc6 3. Bb5 d6 4. d4 Bd7 5. d5 Nce7 6. Bxd7+ Qxd7 7. O-O f5 8. Nc3 h6 9. exf5 Qxf5 10. Nb5 Qd7 11. c4 a6 12. Nc3 b6 13. b4 Nf6 14. Qd3 Qf5 15. Qxf5 Nxf5 16. Nd2 Ne7 17. Nde4 Nxe4 18. Nxe4 Kd7 19. f4 exf4 20. Bxf4 Ng6 21. Bd2 Ne5 22. Rac1 Be7 23. c5 bxc5 24. bxc5 Nd3 25. c6+ Kc8 26. Rb1 Rf8 27. Rxf8+ Bxf8 28. Rf1 Be7 29. Rf7 Kd8 30. Rxg7 Bf8 31. Rg3 Ne5 32. Rb3 Nc4 33. Kf2 Nb6 34. Nc3 Bg7 35. Be3 Bxc3 36. Bxb6 cxb6 37. Rxc3 Kc7 38. Rf3 b5 39. Rf7+ Kb6 40. g4 a5 41. h4 a4 42. g5 hxg5 43. hxg5 Rg8 44. Rf4 b4 45. Kg3 b3 46. axb3 axb3 47. Kg4 b2 48. Rf1 Kc5 49. Rb1 Kxd5 50. c7 Kc6 51. c8=Q+ Rxc8 52. Rxb2 Kd7 53. Kf5 Rf8+ 54. Kg6 Rg8+ 55. Kf6 Rf8+ 56. Kg7 Rf1 57. g6 d5 58. Rb7+ Kd6 59. Rf7 Rg1 60. Rf6+ Ke5 61. Kf7 d4 62. g7 d3 63. Ra6 d2 1/2-1/2

[Event "Schachfestival Senioren"]
[Site "Bad Woerishofen"]
[Date "2023.03.07"]
[Round "5.58"]
[White "Schumacher, Ursula"]
[Black "Luebbers, Doris"]
[Result "1/2-1/2"]
[WhiteElo "1514"]
[BlackElo "1498"]
[PlyCount "48"]
[EventDate "2023.??.??"]
[BlackTeam "SC Steinbach"]

1. c4 Nf6 2. Nf3 e6 3. Nc3 Nc6 4. d4 b6 5. g3 Bb7 6. Bg2 Be7 7. O-O O-O 8. a3 Rb8 9. b4 a6 10. Re1 d5 11. c5 b5 12. Bb2 Re8 13. e3 Bf8 14. Qc2 g6 15. Rad1 Bg7 16. Ne2 Ne7 17. Ne5 c6 18. a4 Qc7 19. a5 Nd7 20. f4 f6 21. Nxd7 Qxd7 22. e4 dxe4 23. Bxe4 Nd5 24. Bxd5 exd5 1/2-1/2

[Event "Schachfestival Senioren"]
[Site "Bad Woerishofen"]
[Date "2023.03.08"]
[Round "6.1"]
[White "Baum, Bernd"]
[Black "Koehler, Gerhard"]
[Result "1/2-1/2"]
[WhiteElo "2272"]
[BlackElo "2244"]
[PlyCount "59"]
[EventDate "2023.??.??"]
[WhiteTeam "SK Marburg 1931/72"]
[BlackTeam "USV Halle/ Saale"]

1. c4 Nf6 2. g3 g6 3. Bg2 Bg7 4. Nc3 d6 5. d3 O-O 6. e3 Nc6 7. Nge2 Bf5 8. e4 Bg4 9. h3 Bd7 10. O-O a6 11. Be3 Rb8 12. a4 a5 13. Qd2 Nb4 14. d4 e5 15. f4 exd4 16. Nxd4 Bc6 17. Rae1 Nd7 18. Rd1 Re8 19. Rfe1 Nc5 20. Nxc6 Nxc6 21. e5 Nb4 22. Bxc5 dxc5 23. Qf2 Qe7 24. Nd5 Nxd5 25. Rxd5 f6 26. Qxc5 c6 27. Qxe7 Rxe7 28. Rxa5 fxe5 29. b3 Rbe8 30. Kf1 1/2-1/2

[Event "Schachfestival Senioren"]
[Site "Bad Woerishofen"]
[Date "2023.03.08"]
[Round "6.2"]
[White "Luciani, Carlo"]
[Black "Schatz, Christian"]
[Result "0-1"]
[WhiteElo "2194"]
[BlackElo "2127"]
[PlyCount "114"]
[EventDate "2023.??.??"]
[BlackTeam "SC Postbauer-Heng e.V"]

1. e4 c5 2. Nf3 Nc6 3. d4 cxd4 4. Nxd4 g6 5. c4 Nf6 6. Nc3 Nxd4 7. Qxd4 d6 8. Bg5 Bg7 9. Be2 O-O 10. Qd2 a5 11. Rd1 Be6 12. O-O a4 13. f3 Qa5 14. Kh1 Rfe8 15. Nd5 Qxd2 16. Rxd2 Bxd5 17. exd5 Kf8 18. Rfd1 Nd7 19. f4 a3 20. Bg4 f5 21. Bxe7+ Kf7 22. Bxd6 fxg4 23. b3 Bf8 24. Bxf8 Rxf8 25. Kg1 Rfe8 26. Rc1 b6 27. b4 Rac8 28. Rdc2 Re4 29. c5 Rxb4 30. c6 Nc5 31. Rd1 Rb2 32. Rc4 Ke8 33. f5 gxf5 34. Rf4 Rxa2 35. Rxf5 Re2 36. Rg5 Ke7 37. d6+ Kf6 38. Rxc5 bxc5 39. d7 Ree8 40. Ra1 Red8 41. dxc8=Q Rxc8 42. Rxa3 Rxc6 43. Kf2 c4 44. Ke2 Ke5 45. Kd2 Kd4 46. Rg3 h5 47. h3 Rg6 48. Kc1 Rg5 49. Ra3 Rf5 50. Rg3 Rf4 51. hxg4 h4 52. Rh3 Rxg4 53. Kd1 Kc5 54. Rh2 Kb4 55. Ke2 c3 56. Kd1 Kb3 57. Kc1 Ra4 0-1

[Event "Schachfestival Senioren"]
[Site "Bad Woerishofen"]
[Date "2023.03.08"]
[Round "6.3"]
[White "Geyer, Bernhard"]
[Black "Neumann, Joachim"]
[Result "1-0"]
[WhiteElo "2145"]
[BlackElo "2026"]
[PlyCount "63"]
[EventDate "2023.??.??"]
[WhiteTeam "SK Frankenthal"]
[BlackTeam "Agon Neumuenster"]

1. e4 c5 2. Nc3 Nc6 3. g3 g6 4. Bg2 Bg7 5. d3 d6 6. Be3 e6 7. Qd2 Nd4 8. Nd1 e5 9. c3 Ne6 10. Ne2 Ne7 11. O-O O-O 12. d4 Rb8 13. d5 Nc7 14. Bh6 f5 15. Bxg7 Kxg7 16. f4 fxe4 17. Bxe4 Bf5 18. Bg2 exf4 19. Nxf4 Ng8 20. c4 Nf6 21. Ne3 Bd7 22. h3 b5 23. b3 bxc4 24. bxc4 Qe7 25. Rae1 Qe5 26. Ng4 Qd4+ 27. Qxd4 cxd4 28. Re7+ Rf7 29. Rxf7+ Kxf7 30. Nxf6 Kxf6 31. Ne6+ Ke7 32. Nxc7 1-0

[Event "Schachfestival Senioren"]
[Site "Bad Woerishofen"]
[Date "2023.03.08"]
[Round "6.4"]
[White "Bhend, Edwin"]
[Black "Daeubler, Heinrich"]
[Result "1/2-1/2"]
[WhiteElo "2125"]
[BlackElo "2145"]
[PlyCount "39"]
[EventDate "2023.??.??"]
[WhiteTeam "Truemmerfeld"]
[BlackTeam "SF Haselmuehl/Amberg"]

1. d4 g6 2. e4 Bg7 3. Nc3 d6 4. f4 a6 5. a4 b6 6. Nf3 Nd7 7. Bc4 e6 8. O-O Ne7 9. Be3 Bb7 10. Kh1 d5 11. exd5 Nxd5 12. Bxd5 Bxd5 13. Nxd5 exd5 14. f5 Nf6 15. Bg5 O-O 16. Ne5 Qe8 17. Bxf6 Bxf6 18. Re1 Qd8 19. Ra3 Qd6 20. Rae3 1/2-1/2

[Event "Schachfestival Senioren"]
[Site "Bad Woerishofen"]
[Date "2023.03.08"]
[Round "6.6"]
[White "Stern, Geoffrey"]
[Black "Babar, Michael"]
[Result "1/2-1/2"]
[WhiteElo "1980"]
[BlackElo "2143"]
[PlyCount "96"]
[EventDate "2023.??.??"]
[WhiteTeam "Gambit Bonnevoie"]
[BlackTeam "SC Hansa Dortmund e. V."]

1. d4 d5 2. Nc3 f5 3. Bf4 c6 4. e3 Nf6 5. Bd3 e6 6. Nf3 Nbd7 7. O-O Qe7 8. Ne5 Nxe5 9. Bxe5 Qf7 10. f3 Nd7 11. Bg3 Be7 12. Ne2 O-O 13. e4 Nf6 14. c3 Nh5 15. Be5 f4 16. Qc2 g6 17. c4 Bd7 18. Rac1 Bf6 19. Bd6 Be7 20. Be5 Rfc8 21. Qd2 Bf6 22. Bd6 g5 23. Qb4 b6 24. cxd5 exd5 25. e5 Bd8 26. Ba6 Ng7 27. Bxc8 Rxc8 28. Rce1 Nf5 29. Nc3 a5 30. Qb3 Nxd4 31. Qd1 c5 32. a4 Be6 33. Qd3 Nf5 34. Nb5 d4 35. Rc1 Ne3 36. Rf2 h5 37. Kh1 h4 38. Rg1 Nf5 39. Rc1 Qb7 40. Qe4 Qf7 41. Qd3 Qh7 42. Qd2 Qf7 43. h3 Kg7 44. Kh2 Ne3 45. Qd3 Bf5 46. Qd2 Qd7 47. Qe1 Qf7 48. Qd2 Be6 1/2-1/2

[Event "Schachfestival Senioren"]
[Site "Bad Woerishofen"]
[Date "2023.03.08"]
[Round "6.7"]
[White "Kroell, Johannes"]
[Black "Walther, Reinhard"]
[Result "1-0"]
[WhiteElo "2127"]
[BlackElo "1987"]
[PlyCount "57"]
[EventDate "2023.??.??"]
[WhiteTeam "Reutte"]
[BlackTeam "SK 1911 Herzogenaurach e.V."]

1. Nc3 d5 2. e3 Nf6 3. d4 Bf5 4. Bd3 Bg6 5. Nf3 Nbd7 6. O-O e6 7. b3 Bb4 8. Bb2 Ne4 9. Ne2 Bh5 10. Ng3 Bxf3 11. gxf3 Nc3 12. Qc1 c5 13. a3 Ba5 14. dxc5 Nxc5 15. b4 Nxd3 16. cxd3 Rc8 17. Bxc3 Bb6 18. Qb2 h5 19. Bxg7 Rh7 20. Bf6 Qd7 21. h4 d4 22. Bxd4 Qd5 23. Bxb6 axb6 24. Ne4 Ke7 25. Qf6+ Kd7 26. Rfd1 Rg8+ 27. Kf1 Ke8 28. Rac1 Rg6 29. Rc8+ 1-0

[Event "Schachfestival Senioren"]
[Site "Bad Woerishofen"]
[Date "2023.03.08"]
[Round "6.8"]
[White "Remensberger, Paul"]
[Black "Remensberger, Hansuli"]
[Result "1/2-1/2"]
[WhiteElo "1977"]
[BlackElo "2103"]
[PlyCount "64"]
[EventDate "2023.??.??"]
[WhiteTeam "Herrliberg"]
[BlackTeam "Chessflyers"]

1. d4 e6 2. Nf3 c5 3. c4 cxd4 4. Nxd4 Nc6 5. Nc3 Bb4 6. e3 Nf6 7. Bd2 O-O 8. Bd3 Ne5 9. Be2 Bxc3 10. Bxc3 Ne4 11. Bb4 Re8 12. O-O Nc6 13. Ba3 Qa5 14. Nf3 Nc3 15. Qd2 Nxe2+ 16. Qxe2 d5 17. Rfd1 Qa6 18. Rac1 Na5 19. Nd2 Bd7 20. Bb4 Nc6 21. Bc3 Rad8 22. Qf1 Ne7 23. b3 dxc4 24. Qxc4 Qxc4 25. Nxc4 Nd5 26. Bb2 Bb5 27. e4 Nf4 28. Kf1 Nd3 29. Rc2 Nb4 30. Rcd2 Rxd2 31. Rxd2 Nxa2 32. Bd4 Nc1 1/2-1/2

[Event "Schachfestival Senioren"]
[Site "Bad Woerishofen"]
[Date "2023.03.08"]
[Round "6.9"]
[White "Kievelitz, Bernd"]
[Black "Rubke, Manfred"]
[Result "1/2-1/2"]
[WhiteElo "1854"]
[BlackElo "2093"]
[PlyCount "139"]
[EventDate "2023.??.??"]
[WhiteTeam "Zitadelle Spandau"]
[BlackTeam "SAbt TSV Haunstetten"]

1. Nf3 d5 2. b3 Nf6 3. Bb2 e6 4. e3 Be7 5. c4 c6 6. d4 Nbd7 7. Nbd2 Ne4 8. Bd3 f5 9. O-O O-O 10. Ne5 Nxe5 11. dxe5 Nxd2 12. Qxd2 dxc4 13. bxc4 b6 14. Qc2 Bb7 15. Rad1 Qc7 16. f4 Bc5 17. Bd4 Qe7 18. Qf2 Rad8 19. Bxc5 Qxc5 20. e4 Qxf2+ 21. Kxf2 g6 22. exf5 gxf5 23. Bc2 Kf7 24. Rxd8 Rxd8 25. Rd1 Rxd1 26. Bxd1 c5 27. g3 Bc6 28. Ke3 Ke7 29. Kd3 Kd7 30. Kc3 Kc7 31. a3 a6 32. Be2 b5 33. Bd1 Kb6 34. cxb5 axb5 35. g4 fxg4 36. Bxg4 Bd7 37. Bd1 Ka5 38. Bb3 h6 39. h4 Kb6 40. Bc2 Kc7 41. Be4 Bc6 42. Bd3 Kd7 43. Bc2 Bd5 44. Bb1 Ke7 45. Bd3 Bc6 46. Bc2 Kf7 47. Bd3 Kg7 48. Bc2 Kf7 49. Bd3 Ke7 50. Bc2 Kd7 51. Bb3 Be4 52. Bd1 Kc6 53. Bb3 Bf5 54. Bd1 Kd5 55. Bf3+ Be4 56. Bg4 Bg2 57. Be2 b4+ 58. axb4 cxb4+ 59. Kxb4 Ke4 60. Bg4 Kxf4 61. Bxe6 Kxe5 62. Bd7 Kf4 63. Kc3 Kg3 64. h5 Kh4 65. Kd2 Kxh5 66. Ke1 Kg5 67. Kf2 Bd5 68. Kg1 h5 69. Kh2 h4 70. Bc8 1/2-1/2

[Event "Schachfestival Senioren"]
[Site "Bad Woerishofen"]
[Date "2023.03.08"]
[Round "6.10"]
[White "Mueller, Erich"]
[Black "Scharrer, Udo"]
[Result "1-0"]
[WhiteElo "2024"]
[BlackElo "1942"]
[PlyCount "77"]
[EventDate "2023.??.??"]
[WhiteTeam "SK 1962 Ladenburg"]
[BlackTeam "SV Dicker Turm Esslingen"]

1. f4 g6 2. e4 c5 3. Nc3 Nc6 4. Nf3 Bg7 5. Bb5 Nd4 6. Nxd4 cxd4 7. Ne2 Nf6 8. Ng3 O-O 9. O-O a6 10. Be2 d6 11. d3 Qc7 12. Bd2 Bd7 13. c4 dxc3 14. Bxc3 b5 15. Kh1 Bc6 16. f5 Nd7 17. Bxg7 Kxg7 18. Rc1 Qb7 19. Qd2 Rac8 20. Qf4 Nf6 21. Bf3 Qb8 22. Qe3 Bd7 23. d4 Qb6 24. Qd2 Rxc1 25. Rxc1 e5 26. fxe6 Bxe6 27. b3 Kg8 28. d5 Bd7 29. Qf4 Kg7 30. Rf1 Qd4 31. Qxd6 Bc8 32. h4 h5 33. Ne2 Qd3 34. Qe5 Re8 35. Qb2 b4 36. Bxh5 Bf5 37. exf5 gxh5 38. Rf2 Qe3 39. Nf4 1-0

[Event "Schachfestival Senioren"]
[Site "Bad Woerishofen"]
[Date "2023.03.08"]
[Round "6.11"]
[White "Witte, Ronald"]
[Black "Wagner, Werner"]
[Result "1-0"]
[WhiteElo "2009"]
[BlackElo "1740"]
[PlyCount "45"]
[EventDate "2023.??.??"]
[WhiteTeam "BSV 63 Chemie Weissensee"]
[BlackTeam "SC GEMA St.Ingbert"]

1. c4 Nf6 2. d4 g6 3. Nc3 Bg7 4. e4 d6 5. Be2 Nbd7 6. Nf3 O-O 7. O-O e5 8. d5 h6 9. Ne1 Nc5 10. Qc2 a5 11. Be3 b6 12. f3 Nh5 13. g3 f5 14. exf5 gxf5 15. f4 Nf6 16. Nd3 Ncd7 17. fxe5 Nxe5 18. Nxe5 dxe5 19. Rad1 Bd7 20. c5 Rb8 21. c6 Bc8 22. Nb5 Ne4 23. d6 1-0

[Event "Schachfestival Senioren"]
[Site "Bad Woerishofen"]
[Date "2023.03.08"]
[Round "6.12"]
[White "McAndrew, Robert"]
[Black "Nordby, Bernt"]
[Result "1/2-1/2"]
[WhiteElo "1874"]
[BlackElo "2001"]
[PlyCount "45"]
[EventDate "2023.??.??"]
[WhiteTeam "Gambit Bonnevoie"]
[BlackTeam "Fredrikstad Schakselskap"]

1. c4 Nf6 2. g3 d6 3. Bg2 g6 4. Nc3 Bg7 5. Nf3 O-O 6. O-O Nc6 7. a3 a5 8. d3 e5 9. Rb1 h6 10. h3 Be6 11. e4 Qd7 12. Kh2 Kh7 13. Nd5 Ne8 14. b4 axb4 15. axb4 f5 16. b5 Ne7 17. Bb2 Nf6 18. Nxf6+ Bxf6 19. Nd2 c6 20. Qb3 cxb5 21. Qxb5 Qxb5 22. cxb5 d5 23. Rfc1 1/2-1/2

[Event "Schachfestival Senioren"]
[Site "Bad Woerishofen"]
[Date "2023.03.08"]
[Round "6.13"]
[White "Kainz, Josef"]
[Black "Larem, Ewald"]
[Result "0-1"]
[WhiteElo "1913"]
[BlackElo "2070"]
[PlyCount "108"]
[EventDate "2023.??.??"]
[WhiteTeam "Frauental"]
[BlackTeam "SC Rotenburg"]

1. Nf3 e6 2. c4 d5 3. d4 Nf6 4. g3 Bb4+ 5. Bd2 Be7 6. Bg2 O-O 7. O-O b6 8. cxd5 exd5 9. Bg5 h6 10. Bxf6 Bxf6 11. Nc3 Bb7 12. Rc1 Re8 13. Re1 Na6 14. e3 c6 15. a3 Nc7 16. b4 a5 17. Qb3 axb4 18. axb4 b5 19. Ra1 Qd6 20. Reb1 Na6 21. Ne1 g5 22. Nd3 h5 23. Ra2 Kg7 24. Rba1 Be7 25. Nc5 Nxc5 26. dxc5 Qe5 27. Rxa8 Rxa8 28. Rxa8 Bxa8 29. Ne2 Qa1+ 30. Bf1 Bf6 31. f4 Bb7 32. Kf2 Bc8 33. fxg5 Bxg5 34. Nd4 h4 35. Qc2 hxg3+ 36. hxg3 Qa3 37. Nxc6 Qxe3+ 38. Kg2 Bg4 39. Qb2+ Bf6 40. Qf2 Qe4+ 41. Kh2 d4 42. Bxb5 d3 43. Qd2 Be2 44. Qf4 Qxf4 45. gxf4 Bf3 46. Bxd3 Bxc6 47. b5 Bd5 48. c6 Bd8 49. Kg3 Kf6 50. Kf2 Ke6 51. Ke3 Bb6+ 52. Kd2 Kd6 53. Kc3 Kc5 54. Kd2 Bc4 0-1

[Event "Schachfestival Senioren"]
[Site "Bad Woerishofen"]
[Date "2023.03.08"]
[Round "6.14"]
[White "Stern, Robert"]
[Black "Pfitzer, Norbert"]
[Result "1-0"]
[WhiteElo "1877"]
[BlackElo "2061"]
[PlyCount "63"]
[EventDate "2023.??.??"]
[WhiteTeam "Pimlico"]
[BlackTeam "SV Backnang"]

1. e4 d6 2. d4 Nf6 3. Nc3 g6 4. f4 Bg7 5. Nf3 O-O 6. Be3 c6 7. h3 b5 8. Bd3 b4 9. Ne2 Bb7 10. c4 d5 11. e5 Nfd7 12. f5 dxc4 13. Bxc4 gxf5 14. e6 Nb6 15. exf7+ Kh8 16. Be6 Nd5 17. Qd2 Qd6 18. Bxf5 Rxf7 19. Bc2 Nxe3 20. Qxe3 Bh6 21. Ne5 Rg7 22. Qf3 Qf6 23. Qh5 Na6 24. Rf1 Qg5 25. Qxg5 Bxg5 26. Nf7+ Kg8 27. Bb3 Bh4+ 28. Kd1 e6 29. Bxe6 Re8 30. Bc4 Rb8 31. Nd6+ Kh8 32. Nxb7 1-0

[Event "Schachfestival Senioren"]
[Site "Bad Woerishofen"]
[Date "2023.03.08"]
[Round "6.15"]
[White "Neese, Hans-Joachim"]
[Black "Harsch, Martin"]
[Result "1/2-1/2"]
[WhiteElo "2058"]
[BlackElo "1888"]
[PlyCount "92"]
[EventDate "2023.??.??"]
[WhiteTeam "SV Hennef 1927 e. V."]
[BlackTeam "Saanenland"]

1. d4 d5 2. Nf3 Nf6 3. Bf4 c5 4. c3 Nc6 5. e3 Qb6 6. Qc2 g6 7. dxc5 Qxc5 8. Nbd2 Bg7 9. Bd3 Nh5 10. Bc7 e6 11. h3 Bd7 12. Bh2 Rc8 13. Rc1 Qe7 14. Qd1 O-O 15. Be2 f5 16. Nd4 Nf6 17. O-O e5 18. Nxc6 Bxc6 19. Nf3 Ne4 20. Qb3 Kh8 21. Rfd1 f4 22. exf4 exf4 23. Qc2 Rce8 24. Re1 Qc5 25. Bd3 Ng3 26. Rxe8 Rxe8 27. Qd2 Qb6 28. Re1 Rxe1+ 29. Nxe1 g5 30. Nf3 h6 31. Bb1 Ne4 32. Qc2 Kg8 33. Qe2 Bb5 34. Qc2 Bc6 35. Ne1 Kf8 36. Nd3 a5 37. Kh1 Bb5 38. Bg1 Bxd3 39. Qxd3 Nxf2+ 40. Bxf2 Qxf2 41. Qf5+ Ke7 42. Bd3 Qe1+ 43. Kh2 Qg3+ 44. Kg1 Qe1+ 45. Kh2 Qg3+ 46. Kg1 Qe3+ 1/2-1/2

[Event "Schachfestival Senioren"]
[Site "Bad Woerishofen"]
[Date "2023.03.08"]
[Round "6.16"]
[White "Keller, Harald"]
[Black "Wegemund, Hubert"]
[Result "1/2-1/2"]
[WhiteElo "2051"]
[BlackElo "1869"]
[PlyCount "40"]
[EventDate "2023.??.??"]
[WhiteTeam "SV Rottweil"]
[BlackTeam "SK Norderstedt von 1975"]

1. e4 c5 2. Nc3 Nc6 3. g3 g6 4. Bg2 Bg7 5. d3 e6 6. Nh3 Nge7 7. O-O O-O 8. Be3 Nd4 9. f4 d5 10. Rb1 b6 11. Ne2 Nxe2+ 12. Qxe2 d4 13. Bd2 Rb8 14. g4 f5 15. gxf5 exf5 16. e5 h6 17. Bf3 Be6 18. Qg2 Kh7 19. Kh1 b5 20. Ng1 a5 1/2-1/2

[Event "Schachfestival Senioren"]
[Site "Bad Woerishofen"]
[Date "2023.03.08"]
[Round "6.17"]
[White "Christen, Pierre"]
[Black "Heppell, Ian N"]
[Result "1/2-1/2"]
[WhiteElo "1855"]
[BlackElo "1965"]
[PlyCount "42"]
[EventDate "2023.??.??"]
[WhiteTeam "SG Trier 1877 e.V."]
[BlackTeam "Wimbledon"]

1. c4 e5 2. g3 Nc6 3. Nc3 g6 4. Bg2 Bg7 5. e4 d6 6. Nge2 f5 7. d3 Nf6 8. Nd5 O-O 9. Bg5 Ne7 10. Qd2 c6 11. Nxf6+ Bxf6 12. h4 f4 13. gxf4 Bg4 14. f3 Bh5 15. Ng3 exf4 16. Bxf4 Bxb2 17. Qxb2 Rxf4 18. Nxh5 Qa5+ 19. Qd2 Qxd2+ 20. Kxd2 gxh5 21. Rh3 Ng6 1/2-1/2

[Event "Schachfestival Senioren"]
[Site "Bad Woerishofen"]
[Date "2023.03.08"]
[Round "6.18"]
[White "Schwalb, Manfred"]
[Black "Schilling, Hans"]
[Result "1/2-1/2"]
[WhiteElo "1955"]
[BlackElo "1724"]
[PlyCount "120"]
[EventDate "2023.??.??"]
[WhiteTeam "SV Calw"]
[BlackTeam "SF Nordost Berlin"]

1. e4 e6 2. d3 d5 3. Nd2 Nf6 4. g3 c5 5. Bg2 Nc6 6. Ngf3 dxe4 7. dxe4 Be7 8. O-O O-O 9. e5 Nd7 10. Re1 Qc7 11. Qe2 b6 12. c3 Bb7 13. Nf1 a5 14. Bf4 Rfe8 15. h4 Ba6 16. Qe4 Rac8 17. h5 c4 18. Nd4 Nd8 19. Rad1 Nc5 20. Qe3 Nd3 21. Re2 b5 22. Be4 Nc5 23. Bc2 Nc6 24. Red2 b4 25. Nh2 bxc3 26. bxc3 Nd3 27. Nhf3 Nxd4 28. Nxd4 Bc5 29. h6 g6 30. g4 Bxd4 31. Qxd4 Qc6 32. Kh2 Bb7 33. Rg1 Qe4 34. Bxd3 Qxd4 35. cxd4 cxd3 36. Rxd3 Red8 37. Rc1 Rxc1 38. Bxc1 Kf8 39. Ba3+ Ke8 40. Bc5 a4 41. Kg3 Bd5 42. a3 Rb8 43. Bb4 Rc8 44. f4 Rc1 45. Kh4 Be4 46. Rh3 Bg2 47. Rg3 Rh1+ 48. Kg5 Bc6 49. Rc3 Kd7 50. Bf8 Rg1 51. Bc5 Rg2 52. Kf6 Rxg4 53. Kxf7 Rxf4+ 54. Kg7 Rh4 55. Kxh7 g5 56. Rg3 g4 57. Kg6 Bf3 58. h7 Be4+ 59. Kg5 Rxh7 60. Rxg4 Rg7+ 1/2-1/2

[Event "Schachfestival Senioren"]
[Site "Bad Woerishofen"]
[Date "2023.03.08"]
[Round "6.19"]
[White "Krueger, Erich"]
[Black "Fiedler, Wolfgang"]
[Result "1-0"]
[WhiteElo "2176"]
[BlackElo "1990"]
[PlyCount "73"]
[EventDate "2023.??.??"]
[WhiteTeam "SF Essen-Katernberg 04/32 e. V."]
[BlackTeam "SC Schwarz-Weiss Nuernberg Sued e.V."]

1. d4 g6 2. c4 Bg7 3. e4 d6 4. Nc3 Nc6 5. d5 Nb8 6. Bd3 e5 7. dxe6 fxe6 8. Nf3 Nc6 9. Bg5 Bf6 10. h4 a6 11. Qd2 h6 12. e5 hxg5 13. Bxg6+ Kd7 14. exf6 Qxf6 15. Qxg5 Qxg5 16. Nxg5 Ne5 17. Bc2 Nxc4 18. O-O-O Nh6 19. b3 Nb6 20. f3 Nf5 21. Bxf5 exf5 22. f4 Kc6 23. h5 Bd7 24. h6 Raf8 25. h7 Rf6 26. Rde1 Nc8 27. b4 b5 28. Kc2 d5 29. Re5 d4 30. Ne2 d3+ 31. Kxd3 Nd6 32. Re7 Ne4 33. Nxe4 fxe4+ 34. Kxe4 Rg6 35. f5 Rxg2 36. Nf4 Rg4 37. Rh6+ 1-0

[Event "Schachfestival Senioren"]
[Site "Bad Woerishofen"]
[Date "2023.03.08"]
[Round "6.20"]
[White "Wagner, Franz"]
[Black "Lechner, Otto"]
[Result "1-0"]
[WhiteElo "1954"]
[BlackElo "1820"]
[PlyCount "61"]
[EventDate "2023.??.??"]
[WhiteTeam "Ichenhausen"]
[BlackTeam "TSV Wertingen 1862 SAbt"]

1. e4 c5 2. Nc3 a6 3. Nf3 e6 4. d4 cxd4 5. Nxd4 b5 6. Bd3 Bb7 7. O-O Nc6 8. Be3 Ne5 9. f4 Nxd3 10. cxd3 Nf6 11. Nf3 Be7 12. a3 Rc8 13. h3 Bc5 14. Bxc5 Rxc5 15. d4 Rc4 16. Qd3 Qa8 17. Nd2 Rc8 18. e5 Nd5 19. Nce4 O-O 20. Nd6 Nc7 21. Nxc8 Rxc8 22. g4 Bc6 23. Rae1 Rf8 24. Ne4 f5 25. exf6 gxf6 26. f5 Bd5 27. b3 Kh8 28. fxe6 f5 29. Ng5 dxe6 30. Nxe6 Be4 31. Qxe4 1-0

[Event "Schachfestival Senioren"]
[Site "Bad Woerishofen"]
[Date "2023.03.08"]
[Round "6.21"]
[White "Schinnerl, Werner"]
[Black "Zwetz, Anita"]
[Result "1-0"]
[WhiteElo "1944"]
[BlackElo "1827"]
[PlyCount "101"]
[EventDate "2023.??.??"]
[WhiteTeam "SC Reutte"]
[BlackTeam "TSV Kareth-Lappersdorf"]

1. e4 e6 2. d3 d5 3. Nd2 c5 4. g3 Nc6 5. Bg2 Nf6 6. Ngf3 Qc7 7. O-O Be7 8. Re1 O-O 9. c3 b5 10. e5 Ng4 11. d4 cxd4 12. cxd4 Nb4 13. Re2 Qc2 14. Qxc2 Nxc2 15. Rb1 Nb4 16. a3 Nd3 17. h3 Nh6 18. Nb3 Nxc1 19. Rxc1 Bd7 20. Rc7 Rfd8 21. Nc5 Bxc5 22. Rxc5 Rdc8 23. Rec2 Rxc5 24. Rxc5 Rc8 25. Rxc8+ Bxc8 26. Bf1 Bd7 27. Bd3 f6 28. b4 Nf7 29. Kg2 fxe5 30. Nxe5 Nxe5 31. dxe5 Bc6 32. f4 g6 33. Kf3 Kf7 34. Ke3 a6 35. g4 Ke7 36. Kd4 Bd7 37. Kc5 Bc8 38. Kc6 Kd8 39. Bc2 Bd7+ 40. Kb7 Bc8+ 41. Kb6 Bd7 42. h4 h5 43. gxh5 gxh5 44. Bd3 Be8 45. Be2 d4 46. Kc5 Bd7 47. Kxd4 Be8 48. Kc5 Kc7 49. Bd3 Bf7 50. f5 exf5 51. Bxf5 1-0

[Event "Schachfestival Senioren"]
[Site "Bad Woerishofen"]
[Date "2023.03.08"]
[Round "6.22"]
[White "Hotz, Herbert"]
[Black "Cordara, Michele"]
[Result "1/2-1/2"]
[WhiteElo "1553"]
[BlackElo "1917"]
[PlyCount "77"]
[EventDate "2023.??.??"]
[WhiteTeam "SC 1970 Lorsch"]
[BlackTeam "Scaccomattissimo"]

1. c4 Nf6 2. g3 g6 3. Bg2 c5 4. Nc3 Bg7 5. e4 Nc6 6. Nge2 O-O 7. O-O Ne8 8. d3 Nc7 9. Be3 Nd4 10. Qd2 Re8 11. Rab1 d6 12. h3 Bd7 13. Bh6 Bh8 14. Nxd4 cxd4 15. Ne2 b5 16. b3 Bc6 17. f4 e6 18. g4 f5 19. gxf5 exf5 20. exf5 Bxg2 21. Kxg2 Re3 22. Rf3 Rxf3 23. Kxf3 Qh4 24. Bg5 Qxh3+ 25. Ng3 gxf5 26. Rh1 Qg4+ 27. Kf2 Ne6 28. Rh4 Nxg5 29. Rxg4 fxg4 30. fxg5 Rf8+ 31. Kg2 bxc4 32. bxc4 Be5 33. Ne4 Rf3 34. Qe2 Kf7 35. Nf6 Rg3+ 36. Kf1 Rf3+ 37. Kg2 Rg3+ 38. Kf1 Rf3+ 39. Kg2 1/2-1/2